BIBLIOTECA PODER JUDICIAL
Portal Judicial TDF

Derecho Laboral para el Abogado y la Empresa / (Registro nro. 1071)

000 -LEADER
fixed length control field 01302nam a22002537a 4500
003 - CONTROL NUMBER IDENTIFIER
control field OSt
005 - DATE AND TIME OF LATEST TRANSACTION
control field 20191029062631.0
008 - FIXED-LENGTH DATA ELEMENTS--GENERAL INFORMATION
fixed length control field 180305b xxu||||| |||| 00| 0 spa d
040 ## - CATALOGING SOURCE
Transcribing agency PJ
100 ## - ASIENTO PRINCIPAL - NOMBRE DE PERSONA
9 (RLIN) 538
Personal name Erramuspe, Enrique Jesús María
245 10 - MENCIÓN DE TÍTULO
Título propiamente dicho Derecho Laboral para el Abogado y la Empresa /
Mención de responsabilidad, etc Enrique Jesús María Erramuspe.
250 ## - EDITION STATEMENT
Edition statement 2a .ed.act. y amp.
260 ## - PUBLICATION, DISTRIBUTION, ETC. (IMPRINT)
Place of publication, distribution, etc Buenos Aires :
Name of publisher, distributor, etc Pensamiento Jurídico,
Date of publication, distribution, etc 1982.
300 ## - DESCRIPCION FISICA
Extent 330 p.
Dimensions 23 cm.
505 ## - FORMATTED CONTENTS NOTE
Formatted contents note Contenido:<br/>Generalidades del Contrato de Trabajo: sujetos, elementos y principios -- Selección de personal -- Contrato y relación de Trabajo -- Contrato de temporada eventual a plazo fijo -- Normas procesales -- Derechos y deberes de las partes -- Contratistas -- Estabilidad -- Vacaciones y licencias -- Accidentes y enfermedades -- Jornada de trabajo, feriado, insalubridad, seguridad e higiene -- Suspensiones --Remuneraciones -- Extinción del contrato -- Seguridad social.
650 #0 - ASIENTO SECUNDARIO DE MATERIA - TERMINO TEMATICO
9 (RLIN) 1316
Topical term or geographic name as entry element DERECHO LABORAL
650 #0 - ASIENTO SECUNDARIO DE MATERIA - TERMINO TEMATICO
9 (RLIN) 1323
Topical term or geographic name as entry element CONTRATO DE TRABAJO
650 #0 - ASIENTO SECUNDARIO DE MATERIA - TERMINO TEMATICO
Topical term or geographic name as entry element CONDICIONES DE TRABAJO
9 (RLIN) 1319
650 #0 - ASIENTO SECUNDARIO DE MATERIA - TERMINO TEMATICO
9 (RLIN) 1533
Topical term or geographic name as entry element DESPIDO
650 #0 - ASIENTO SECUNDARIO DE MATERIA - TERMINO TEMATICO
9 (RLIN) 1487
Topical term or geographic name as entry element TRABAJO DE MUJERES
650 #0 - ASIENTO SECUNDARIO DE MATERIA - TERMINO TEMATICO
9 (RLIN) 1417
Topical term or geographic name as entry element ACCIDENTES DE TRABAJO
650 #0 - ASIENTO SECUNDARIO DE MATERIA - TERMINO TEMATICO
9 (RLIN) 1354
Topical term or geographic name as entry element CONVENIOS COLECTIVOS DE TRABAJO
942 ## - ADDED ENTRY ELEMENTS (KOHA)
Source of classification or shelving scheme
Koha item type Libros
Classification part 349.22:331.106
Item part ETA
Existencias
Withdrawn status Lost status Source of classification or shelving scheme Damaged status Not for loan Permanent Location Current Location Date acquired Full call number Barcode Date last seen Price effective from Koha item type
          Biblioteca Poder Judicial Norte Biblioteca Poder Judicial Norte 2018-08-06 349.22 ERR RG 0246 2024-12-01 2018-08-06 Libros
          Biblioteca Poder Judicial Sur Biblioteca Poder Judicial Sur 2018-08-06 349.22 ERR 1280 2018-08-06 2018-08-06 Libros

12 de Octubre 789 Ushuaia - Tel:  54(02901)441571
Horario de Atención: 8.00 a 17.00 hs. 
bibliotecaush@justierradelfuego.gov.ar
koha@justierradelfuego.gov.ar
Seguinos en nuestras redes @bibliojustdf 

Con tecnología Koha